00585 2200217 4500001002100000005001500021035002000036245006300056100002000119250000600139300003500145260004300180082001000223084001600233020002200249650002800271990001700299990001700316990001700333990001700350INLIS00000000000124020190716023340 a0010-07190000011 aSang Ahli Melayang serta Cerita Lainnya /cDidiek Djunaedi0 aDidiek Djunaedi a- aiv, 68 hlm. :bilus. ;c25 cm. aJakarta :bPT Gading Inti Prima,c2008 a398.2 a398.2 DID s a978-602-860-822-0 aCerita Rakyat / Dongeng a04427/P/2018 a04428/P/2018 a04429/P/2018 a04430/P/2018